000 01164cam a2200445 4500
001 J108527
008 000000n2000 000 0 eng u
035 _a(Sirsi) u108527
050 _a338.4369094
110 _aEuroconstruct
_92964
245 _a49th Euroconstruct conference : trends in the European construction industry : country reports, Vienna, 8-9 June 2000.
260 _aVienna
_bWIFO-Austrian Institute of Economic Research
_c2000
300 _aiv,403p. ; 30cm.
520 _aFor the summary volume see J108398
650 _aAUSTRIA
650 _aBELGIUM
650 _aDENMARK
650 _aGERMANY
650 _aFINLAND
650 _aFRANCE
650 _aIRELAND
650 _aITALY
650 _aNETHERLANDS
650 _aNORWAY
650 _aPORTUGAL
650 _aSPAIN
650 _aSWEDEN
650 _aSWITZERLAND
650 _aCZECH REPUBLIC
650 _aHUNGARY
650 _aPOLAND
650 _aSLOVAK REPUBLIC
650 _aBALTIC COUNTRIES
650 _aESTONIA
650 _aLATVIA
650 _aLITHUANIA
690 _aBUILT ENVIRONMENT
856 _uwww.euroconstruct.com
942 _n0
999 _c100806
_d100806